000 00884nam a2200301Ia 4500
001 dia_6237
003 CHAP
005 20251023152200.0
008 220117s1966 xx 000 0 und d
010 _a177718
040 _cCHAP
082 _a547 M67 1966
100 _aMorrison, Robert Thornton
_978920
245 _aOrganic chemistry /
_c Robert Thornton Morrison y Robert Neilson Boyd
250 _a2a ed.
260 _aEstados Unidos de América :
_b Allyn and Bacon,
_c1966
300 _aix, 1204 p.
503 _aD.
504 _aBibliografía: p. 1133-1139
590 _aQD251.2 M67 1966
650 _aChemistry, Organic
_9157764
650 _aQuímica orgánica
_993598
700 _aBoyd, Robert Neilson, coaut.
901 _a547 M67 1966
902 _aA
905 _a5232271966 -usamn 8222223322eng16
942 _cLIBRO
_2ddc
999 _c177718
_d177718